|
|
|
|
| LEADER |
01567nam a2200421 a 4500 |
| 001 |
nkc20152684207 |
| 003 |
CZ PrNK |
| 005 |
20150422094546.0 |
| 007 |
ta |
| 008 |
150316s2014 xr a f 000 0 eng |
| 015 |
|
|
|a cnb002684207
|
| 020 |
|
|
|a 978-80-01-05642-4
|q (brož.)
|z 978-80-01-05171-9
|
| 035 |
|
|
|a (OCoLC)908821886
|
| 040 |
|
|
|a OLA001
|b cze
|
| 072 |
|
7 |
|a 004.8
|x Umělá inteligence
|2 Konspekt
|9 23
|
| 080 |
|
|
|a 004.8
|2 MRF
|
| 080 |
|
|
|a (048.8:082)
|2 MRF
|
| 245 |
0 |
0 |
|a Artifficial [i.e. Artificial] intelligence /
|c Libor Horák ... [et al.] ; editor Tomáš Vaníček
|
| 246 |
3 |
|
|a Artificial intelligence
|
| 250 |
|
|
|a Vyd. 1.
|
| 260 |
|
|
|a V Praze :
|b České vysoké učení technické,
|c c2014
|
| 300 |
|
|
|a 66 s. :
|b il. ;
|c 21 cm
|
| 500 |
|
|
|a Nad názvem: České vysoké učení technické v Praze, Fakulta stavební
|
| 500 |
|
|
|a 75 výt.
|
| 504 |
|
|
|a Obsahuje bibliografie
|
| 650 |
0 |
7 |
|a umělá inteligence
|7 ph116536
|2 czenas
|
| 650 |
0 |
9 |
|a artificial intelligence
|2 eczenas
|
| 655 |
|
7 |
|a kolektivní monografie
|7 fd501537
|2 czenas
|
| 655 |
|
9 |
|a collective monographs
|2 eczenas
|
| 700 |
1 |
|
|a Horák, Libor
|7 ola2015863943
|4 aut
|
| 700 |
1 |
|
|a Vaníček, Tomáš,
|d 1966-
|7 ntka174278
|4 edt
|
| 710 |
2 |
|
|a České vysoké učení technické v Praze.
|b Stavební fakulta
|7 kn20010710181
|
| 910 |
2 |
|
|a BOA001
|b 2-1343.878
|
| 928 |
9 |
|
|a Česká technika - nakladatelství ČVUT
|
| 990 |
|
|
|a BK
|
| 995 |
|
|
|a 01
|
| 991 |
|
|
|b 201504
|c NOV
|e n
|
| 996 |
6 |
|
|b 2610627206
|c 2-1343.878
|l MZK
|r Sklad / do 1 hodiny
|n 2
|p p.v.
|w 001496751
|u 000010
|a 1
|e BOA001
|j MZK50
|s P
|